| 000 | 00847cai a22001935a 4500 | ||
|---|---|---|---|
| 001 | L158944 | ||
| 008 | 151021u2015 xxk g 000 0 eng d | ||
| 035 | _a(Sirsi) u158944 | ||
| 041 | 0 | _aeng | |
| 110 | 2 |
_aUnited Kingdom _bHM Treasury |
|
| 245 | 0 | 4 |
_aThe Government Construction Pipeline _bInteractive map and timeline view |
| 520 | _aDetails of the government's construction pipeline including an interactive map which includes details of £118bn of investment to 2020 and beyond. Can search data by region, sector, status and value of a project. | ||
| 590 | _aKA | ||
| 651 | 4 |
_aEngland and Wales _y1543- |
|
| 690 |
_aInfrastructure _96246 |
||
| 690 |
_aPlanning and development _96259 |
||
| 856 | 4 | 0 |
_uhttps://www.building.co.uk/government-construction-pipeline-2015/home/ _zView the website free of charge at www.building.co.uk |
| 942 | _n0 | ||
| 999 |
_c121043 _d121043 |
||